• 首页
  • 本馆介绍
  • 公告通知
  • 最新文献
  • 馆藏检索
  • 电子资源
  • 读者导购
  • 参考咨询
  • 我的图书馆
  • 登录
  • 详细信息显示
  • 放入我的书架
  • 预约/预借图书
  • 作者相关作品
  • 分类相关作品
  • 丛书相关作品
  • 出版社相关作品

书目信息

  • 表格格式
  • 工作单格式
  • 卡片格式
题名:
警惕心律失常
    
 
作者: 饭沼宏之 主编 ;赖育芳 译
分册:  
出版信息: 北京   中国轻工业出版社  2002
页数: 81页
开本: 18cm
丛书名: 家庭保健百科
单 册:
中图分类: R541.7
科图分类:
主题词: 心律失常--防治
电子资源:
ISBN: 7-5019-3624-2
000 00884nam2 2200253 450
001 0123456023856
005 20070730144105.21
010    @a7-5019-3624-2@dCNY8.00
100    @a20030303d2002 em y0chiy0121 ea
101 1  @achi@cjpn
102    @aCN@b110000
105    @aa z 000yy
200 1  @a警惕心律失常@Ajing ti xin lv shi chang@f(日)饭沼宏之主编@g赖育芳译
210    @a北京@c中国轻工业出版社@d2002
215    @a81页@c图@d18cm
225 2  @a家庭保健百科@Ajia ting bao jian bai ke
330    @a本书对心律不齐的有代表性的病例及治疗方法作了通俗易懂的解说, 分“心脏的功效和收缩的机理”、“心律不齐的检查和诊断”、“心律不齐治疗的实例”等5章。
410  0 @12001 @a家庭保健百科
606 0  @a心律失常@x防治
690    @aR541.7@v4
701  0 @a饭沼宏之@Afan zhao hong zhi@4主编
702  0 @a赖育芳@Alai yu fang@4译
801  0 @aCN@bWHC@c20070730
905    @a10447@dR541.7@e107
    
    警惕心律失常/(日)饭沼宏之主编/赖育芳译.-北京:中国轻工业出版社,2002
    81页:图;18cm.-(家庭保健百科)
    
    
    ISBN 7-5019-3624-2:CNY8.00
    本书对心律不齐的有代表性的病例及治疗方法作了通俗易懂的解说, 分“心脏的功效和收缩的机理”、“心律不齐的检查和诊断”、“心律不齐治疗的实例”等5章。
●
相关链接 在E读中查询图书 在五车中查询图书 在当当中查询图书 在豆瓣中查询图书


正题名:警惕心律失常     索取号:R541.7/107         预约/预借

序号 登录号 条形码 馆藏地/架位号 状态 备注
1 0789487   207894876   第二样本阅览室/ [索取号:R541.7/107] 在馆    
2 0789488   207894885   第三借阅区/ [索取号:R541.7/107] 在馆    
3 0789489   207894894   第三借阅区/ [索取号:R541.7/107] 在馆    
4 0789490   207894901   第三借阅区/ [索取号:R541.7/107] 在馆    
5 0789491   207894910   第三借阅区/ [索取号:R541.7/107] 在馆    
唐山师范学院图书馆 欢迎您!
大连网信软件有限公司© 版权所有